LEADER 02648nam 2200661 a 450 001 9910452374903321 005 20200520144314.0 010 $a0-12-810012-5 010 $a0-12-407152-X 035 $a(CKB)2550000001114334 035 $a(EBL)1366517 035 $a(OCoLC)862821319 035 $a(SSID)ssj0000980530 035 $a(PQKBManifestationID)12431681 035 $a(PQKBTitleCode)TC0000980530 035 $a(PQKBWorkID)10969422 035 $a(PQKB)10704927 035 $a(MiAaPQ)EBC1366517 035 $a(PPN)178539791 035 $a(Au-PeEL)EBL1366517 035 $a(CaPaEBR)ebr10753286 035 $a(CaONFJC)MIL514186 035 $a(OCoLC)857769680 035 $a(EXLCZ)992550000001114334 100 $a20130808d2013 uy 0 101 0 $aeng 135 $aur|n|---||||| 181 $ctxt 182 $cc 183 $acr 200 10$aSpatial capture-recapture$b[electronic resource] /$fJ. Andrew Royle ... [et al.] 210 $aBoston $cElsevier$d2013 215 $a1 online resource (609 p.) 300 $aDescription based upon print version of record. 311 $a0-12-405939-2 311 $a1-299-82935-X 320 $aIncludes bibliographical references and index. 327 $apt. I. Background and concepts -- pt. II. Basic SCR models -- pt. III. Advanced SCR models -- pt. IV. Super-advanced SCR models -- pt. V. Appendix. 330 2 $a"Space plays a vital role in virtually all ecological processes (Tilman and Kareiva, 1997; Hanski, 1999; Clobert et al., 2001). The spatial arrangement of habitat can influence movement patterns during dispersal, habitat selection, and survival. The distance between an organism and its competitors and prey can influence activity patterns and foraging behavior. Further, understanding distribution and spatial variation in abundance is necessary in the conservation and management of populations"--$cProvided by publisher. 606 $aSpatial ecology$xResearch 606 $aSpatial behavior in animals$xResearch 606 $aAnimal populations$xMathematical models 608 $aElectronic books. 615 0$aSpatial ecology$xResearch. 615 0$aSpatial behavior in animals$xResearch. 615 0$aAnimal populations$xMathematical models. 676 $a591.56/6 700 $aRoyle$b J. Andrew$0979911 701 $aChandler$b Richard B$0979912 701 $aSollmann$b Rahel$0979913 701 $aGardner$b Beth$0979914 801 0$bMiAaPQ 801 1$bMiAaPQ 801 2$bMiAaPQ 906 $aBOOK 912 $a9910452374903321 996 $aSpatial capture-recapture$92234874 997 $aUNINA LEADER 01402oam 2200481zu 450 001 9910830879303321 005 20210807004643.0 010 $a1-118-66400-0 035 $a(CKB)3450000000004407 035 $a(SSID)ssj0000726563 035 $a(PQKBManifestationID)11398502 035 $a(PQKBTitleCode)TC0000726563 035 $a(PQKBWorkID)10674353 035 $a(PQKB)10633088 035 $a(PPN)178917346 035 $a(EXLCZ)993450000000004407 100 $a20160829d1993 uy 101 0 $aeng 181 $ctxt 182 $cc 183 $acr 200 00$aAuroral plasma dynamics 210 31$a[Place of publication not identified]$cAmerican Geophysical Union$d1993 225 0 $aGeophysical monograph Auroral plasma dynamics 300 $aBibliographic Level Mode of Issuance: Monograph 311 $a0-87590-039-9 606 $aAuroras 606 $aSpace plasmas 606 $aPlasma dynamics 606 $aEarth & Environmental Sciences$2HILCC 606 $aMeteorology & Climatology$2HILCC 615 0$aAuroras 615 0$aSpace plasmas 615 0$aPlasma dynamics 615 7$aEarth & Environmental Sciences 615 7$aMeteorology & Climatology 676 $a538/.768 702 $aLysak$b Robert L 801 0$bPQKB 906 $aBOOK 912 $a9910830879303321 996 $aAuroral plasma dynamics$92280182 997 $aUNINA